=LDR 00000nam 2200000 4500 =001 INLIS000000000049712 =005 20170321083136.0 =006 =007 =008 =020 ##$$a 978-602-217-406-6 =035 ##$$0010-031700000000157 =040 ##$$a NBPDMAT =082 ##$$a 375 =090 ##$$a 375 Her p =100 ##$$a Herry Widyastono =245 ##$$a Pengembangan kurikulum diera otonomi dari kurikulum 2004, 2006 ke kurikulum 2013 $c Dr.Herry Widyastono, Pil ; editor Suryani =250 ##$$a cet.2 =260 ##$$a Jakarta $b Bumi Aksara $c 2015 =300 ##$$a xxiii, 218 hlm. $c 23 cm. =500 ##$$a Biliografi : hlm. 211 - 216 Biografi : hlm. 217 - 218 =650 ##$$a Kurikulum =700 ##$$a Suryani =850 ##$$a NBPDMAT